000 00428nam a2200181Ia 4500
001 19532
005 20260306172700.0
008 260306t2003||||xx |||||||||||||| ||spa||
041 _aESP
082 _a340.11
_bG82
100 _aGrossi, Paolo
_eAUT
245 0 _aMitología jurídica de la modernidad
260 _c2003
300 _a93 páginas :
_c23 cm.
650 _aGEN
654 _aCDE
942 _cLIB
_dJUS
_fJUS
_2ddc
_n
999 _c19532
_d19532